00918nam a22002297a 4500999001300000001000500013003000900018005001700027008004100044040003800085082001600123100001800139245016400157260007900321300004400400490003100444650003400475700002700509700002600536942001200562952011400574 c972d9724895BD-DhUAP20200129132131.0200129s1992 bg a|||| |||| 00| 0 eng d aBD-DhUAPbEngcBD-DhUAPdBD-DhUAP 223a677 BAK aBakht, Zaid.  aDomestic demand for textile products in Bangladesh : blevel, structure, and investment implications /cZaid Bakht, Nuimuddin Chowdhury and Karimullah Bhuiyan. aDhaka, Bangladesh : bBangladesh Institute of Development Studies, c1992. axi, 85 pages :billustrations ;c23 cm. aResearch monograph no. 13. aTextile industryzBangladesh. aChowdhury, Nuimuddin.  aBhuiyan, Karimullah.  2ddccBK 00102ddc4070aUAPCLbUAPCLcGeneral Stacksd2020-01-29o677 BAKp3010004895r2020-01-29t1w2020-01-29yBK